| 000 | 00609nam a2200181Ia 4500 | ||
|---|---|---|---|
| 008 | 090630s9999 xx 000 0 und d | ||
| 082 | _b1401 | ||
| 100 | _aकेळकर न. चि. | ||
| 245 |
_aकृष्णार्जुन युध्द. _cकेळकर न. चि. |
||
| 260 |
_bपरचुरे. _c1958 |
||
| 300 | _a94 | ||
| 600 | _aकेळकर न. चि. | ||
| 630 | _aकृष्णार्जुन युध्द. | ||
| 655 | _aनाटक. | ||
| 700 | _aकेळकर न. चि. | ||
| 730 | _aकृष्णार्जुन युध्द. | ||
| 942 | _cBOOK | ||
| 999 |
_c253257 _d253257 |
||